Harry Styles Tracklist By Streams - Statistics

General Stats
  • This quiz has been taken 15 times
  • The average score is 4 of 10
Answer Stats
# Streams Answer % Correct
1 1,843,705,389 Sign of the Times
100%
3 575,999,141 Kiwi
43%
2 651,934,959 Sweet Creature
43%
5 354,857,119 Two Ghosts
43%
8 233,025,406 Carolina
36%
10 199,026,999 Ever Since New York
36%
4 385,842,554 From the Dining Table
36%
6 249,858,643 Meet Me in the Hallway
36%
9 220,917,674 Only Angel
36%
7 245,447,019 Woman
36%
No matching quizzes found
Score Distribution
Percent of People with Each Score
Percentile by Number Answered
Your Score History
You have not taken this quiz